[Event "Hoogeveen Amateur 1"]
[Site "Hoogeveen, Netherlands"]
[Date "2018.10.22"]
[Round "3.1"]
[White "Hadderingh, Thale"]
[Black "Stavast, Dick"]
[Result "0-1"]
[WhiteElo "1761"]
[BlackElo "2043"]

1. e4 {[%clk 01:30:51]} {[%emt 00:00:08]} e5 {[%clk 01:30:55]} {[%emt
00:00:07]} 2. Nf3 {[%clk 01:31:15]} {[%emt 00:00:06]} d6 {[%clk 01:31:21]}
{[%emt 00:00:03]} 3. d4 {[%clk 01:30:31]} {[%emt 00:01:14]} exd4 {[%clk
01:31:46]} {[%emt 00:00:04]} 4. Nxd4 {[%clk 01:30:53]} {[%emt 00:00:07]} Nf6
{[%clk 01:32:13]} {[%emt 00:00:04]} 5. Nc3 {[%clk 01:31:12]} {[%emt 00:00:12]}
Be7 {[%clk 01:32:39]} {[%emt 00:00:04]} 6. Bc4 {[%clk 01:31:28]} {[%emt
00:00:13]} O-O {[%clk 01:33:04]} {[%emt 00:00:05]} 7. O-O {[%clk 01:31:40]}
{[%emt 00:00:18]} Nc6 {[%clk 01:33:14]} {[%emt 00:00:20]} 8. Re1 {[%clk
01:26:41]} {[%emt 00:05:28]} Ne5 {[%clk 01:30:43]} {[%emt 00:03:01]} 9. Be2
{[%clk 01:22:28]} {[%emt 00:04:43]} c6 {[%clk 01:21:55]} {[%emt 00:09:19]} 10.
f4 {[%clk 01:17:27]} {[%emt 00:05:30]} Ng6 {[%clk 01:21:18]} {[%emt 00:01:07]}
11. Be3 {[%clk 01:16:41]} {[%emt 00:01:17]} Re8 {[%clk 01:16:26]} {[%emt
00:05:22]} 12. a4 {[%clk 01:15:16]} {[%emt 00:01:55]} Bf8 {[%emt 00:06:00]} 13.
Bf3 {[%clk 01:06:19]} {[%emt 00:05:23]} Bd7 {[%clk 01:06:27]} {[%emt 00:09:03]}
14. a5 {[%clk 01:03:35]} {[%emt 00:03:14]} Qc7 {[%clk 01:00:27]} {[%emt
00:06:31]} 15. Kh1 {[%clk 01:01:28]} {[%emt 00:02:36]} Rab8 {[%clk 00:51:38]}
{[%emt 00:09:19]} 16. g3 {[%clk 00:59:08]} {[%emt 00:02:49]} b5 {[%clk
00:44:36]} {[%emt 00:07:32]} 17. axb6 {[%clk 00:58:05]} {[%emt 00:01:33]} axb6
{[%clk 00:45:05]} {[%emt 00:00:02]} 18. Qd3 {[%clk 00:53:04]} {[%emt 00:05:29]}
b5 {[%clk 00:41:55]} {[%emt 00:03:41]} 19. b4 {[%clk 00:49:43]} {[%emt
00:03:51]} h5 {[%clk 00:38:53]} {[%emt 00:03:32]} 20. Nb3 {[%clk 00:48:39]}
{[%emt 00:01:34]} h4 {[%clk 00:37:01]} {[%emt 00:02:22]} 21. Ra7 {[%clk
00:44:47]} {[%emt 00:04:22]} Qc8 {[%clk 00:37:30]} {[%emt 00:00:02]} 22. Rea1
{[%clk 00:41:51]} {[%emt 00:03:25]} hxg3 {[%clk 00:37:37]} {[%emt 00:00:23]} 23.
hxg3 {[%clk 00:41:36]} {[%emt 00:00:44]} Be6 {[%clk 00:26:43]} {[%emt
00:11:24]} 24. Nd2 {[%clk 00:30:51]} {[%emt 00:11:15]} Bc4 {[%clk 00:25:56]}
{[%emt 00:01:17]} 25. Nxc4 {[%clk 00:30:57]} {[%emt 00:00:23]} Qh3+ {[%clk
00:26:17]} {[%emt 00:00:10]} 26. Kg1 {[%clk 00:31:12]} {[%emt 00:00:15]} Qxg3+
{[%clk 00:26:38]} {[%emt 00:00:10]} 27. Bg2 {[%clk 00:31:08]} {[%emt 00:00:33]}
Nh4 {[%clk 00:26:02]} {[%emt 00:01:07]} 28. Qe2 {[%clk 00:31:06]} {[%emt
00:00:31]} bxc4 {[%clk 00:23:55]} {[%emt 00:02:37]} 29. Qf2 {[%clk 00:27:32]}
{[%emt 00:04:03]} Qxg2+ {[%clk 00:21:35]} {[%emt 00:02:50]} 30. Qxg2 {[%clk
00:27:53]} {[%emt 00:00:09]} Nxg2 {[%clk 00:22:01]} {[%emt 00:00:04]} 31. Kxg2
{[%clk 00:28:01]} {[%emt 00:00:23]} Nxe4 {[%clk 00:19:41]} {[%emt 00:02:50]} 32.
Nxe4 {[%clk 00:27:36]} {[%emt 00:00:54]} Rxe4 {[%clk 00:19:46]} {[%emt
00:00:25]} 33. Kf3 {[%clk 00:27:51]} {[%emt 00:00:15]} d5 {[%clk 00:16:37]}
{[%emt 00:03:39]} 34. Bc5 {[%clk 00:27:08]} {[%emt 00:01:13]} Bxc5 {[%clk
00:06:35]} {[%emt 00:10:32]} 35. bxc5 {[%clk 00:27:26]} {[%emt 00:00:12]} Rbe8
{[%clk 00:07:03]} {[%emt 00:00:02]} 36. Rc7 {[%clk 00:27:08]} {[%emt 00:00:48]}
Re3+ {[%clk 00:03:36]} {[%emt 00:03:57]} 37. Kg4 {[%clk 00:26:31]} {[%emt
00:01:06]} Re2 {[%clk 00:03:23]} {[%emt 00:00:44]} 38. Raa7 {[%clk 00:25:54]}
{[%emt 00:01:07]} Rxc2 {[%clk 00:02:52]} {[%emt 00:01:00]} 39. Rxf7 {[%clk
00:25:58]} {[%emt 00:00:27]} Rg2+ {[%clk 00:02:42]} {[%emt 00:00:41]} 40. Kf3
{[%clk 00:24:24]} {[%emt 00:02:04]} Rg1 {[%clk 00:02:28]} {[%emt 00:00:44]} 41.
Kf2 {[%clk 00:24:36]} {[%emt 00:00:17]} Rg6 {[%clk 00:02:32]} {[%emt 00:00:26]}
42. f5 {[%clk 00:21:59]} {[%emt 00:03:08]} Rg5 {[%clk 00:02:29]} {[%emt
00:00:33]} 43. Rac7 {[%clk 00:09:01]} {[%emt 00:13:27]} c3 {[%clk 00:02:04]}
{[%emt 00:00:55]} 44. f6 {[%clk 00:08:42]} {[%emt 00:00:50]} gxf6 {[%clk
00:01:07]} {[%emt 00:01:26]} 0-1

[Event "Hoogeveen Amateur 1"]
[Site "Hoogeveen, Netherlands"]
[Date "2018.10.22"]
[Round "3.3"]
[White "Land, Marc"]
[Black "Klapwijk, Leo"]
[Result "0-1"]
[WhiteElo "1778"]
[BlackElo "1825"]

1. e4 {[%clk 01:30:54]} {[%emt 00:00:04]} c6 {[%clk 01:30:44]} {[%emt
00:00:18]} 2. b3 {[%clk 01:31:13]} {[%emt 00:00:09]} d5 {[%clk 01:30:28]}
{[%emt 00:00:46]} 3. exd5 {[%clk 01:31:41]} {[%emt 00:00:03]} cxd5 {[%clk
01:30:19]} {[%emt 00:00:38]} 4. Bb2 {[%clk 01:32:02]} {[%emt 00:00:08]} Nc6
{[%clk 01:30:07]} {[%emt 00:00:43]} 5. Bb5 {[%clk 01:32:04]} {[%emt 00:00:28]}
Nf6 {[%clk 01:28:31]} {[%emt 00:02:06]} 6. Qf3 {[%clk 01:31:57]} {[%emt
00:00:38]} Ne4 {[%clk 01:24:40]} {[%emt 00:04:21]} 7. Ne2 {[%clk 01:27:50]}
{[%emt 00:04:36]} Bd7 {[%clk 01:22:38]} {[%emt 00:02:33]} 8. d3 {[%clk
01:26:37]} {[%emt 00:01:44]} Qa5+ {[%clk 01:22:06]} {[%emt 00:01:01]} 9. Nbc3
{[%clk 01:24:25]} {[%emt 00:02:41]} Nxc3 {[%clk 01:20:39]} {[%emt 00:01:58]} 10.
Nxc3 {[%clk 01:17:40]} {[%emt 00:07:15]} d4 {[%clk 01:20:45]} {[%emt 00:00:24]}
11. Bc4 {[%clk 01:15:05]} {[%emt 00:03:05]} e6 {[%clk 01:19:52]} {[%emt
00:01:23]} 12. O-O {[%clk 01:11:48]} {[%emt 00:03:48]} dxc3 {[%clk 01:20:07]}
{[%emt 00:00:14]} 13. Bc1 {[%clk 01:12:06]} {[%emt 00:00:12]} Nd4 {[%clk
01:19:55]} {[%emt 00:00:41]} 14. Qe4 {[%clk 01:05:23]} {[%emt 00:07:11]} Bc5
{[%clk 01:19:14]} {[%emt 00:01:14]} 15. Be3 {[%clk 01:04:35]} {[%emt 00:01:17]}
Qb6 {[%clk 01:15:28]} {[%emt 00:04:16]} 16. Kh1 {[%clk 01:03:35]} {[%emt
00:01:30]} Nxc2 {[%clk 01:13:28]} {[%emt 00:02:32]} 17. Bxc5 {[%clk 01:03:37]}
{[%emt 00:00:27]} Qxc5 {[%clk 01:13:39]} {[%emt 00:00:20]} 18. Rac1 {[%clk
01:02:22]} {[%emt 00:01:44]} Nd4 {[%clk 01:13:41]} {[%emt 00:00:28]} 19. b4
{[%clk 01:01:40]} {[%emt 00:01:12]} Qd6 {[%clk 01:13:47]} {[%emt 00:00:23]} 20.
Rxc3 {[%clk 00:56:30]} {[%emt 00:05:41]} Bc6 {[%clk 01:13:51]} {[%emt
00:00:26]} 21. Qg4 {[%clk 00:56:55]} {[%emt 00:00:05]} O-O {[%clk 01:13:48]}
{[%emt 00:00:32]} 22. f3 {[%clk 00:50:32]} {[%emt 00:06:54]} Rac8 {[%clk
01:13:51]} {[%emt 00:00:27]} 0-1

[Event "Hoogeveen Amateur 1"]
[Site "Hoogeveen, Netherlands"]
[Date "2018.10.22"]
[Round "3.4"]
[White "Spaans, Leo"]
[Black "Karsdorp, Nico"]
[Result "1-0"]
[WhiteElo "1768"]
[BlackElo "1854"]

1. e4 {[%clk 01:30:56]} {[%emt 00:00:02]} Nf6 {[%clk 01:30:50]} {[%emt
00:00:12]} 2. e5 {[%clk 01:31:05]} {[%emt 00:00:22]} Nd5 {[%clk 01:31:13]}
{[%emt 00:00:05]} 3. c4 {[%clk 01:31:22]} {[%emt 00:00:13]} Nb6 {[%clk
01:31:36]} {[%emt 00:00:07]} 4. d4 {[%clk 01:31:41]} {[%emt 00:00:12]} d6
{[%clk 01:31:58]} {[%emt 00:00:08]} 5. exd6 {[%clk 01:31:59]} {[%emt 00:00:13]}
cxd6 {[%clk 01:31:57]} {[%emt 00:00:30]} 6. Bd3 {[%clk 01:31:10]} {[%emt
00:01:19]} Nc6 {[%clk 01:31:52]} {[%emt 00:00:34]} 7. Ne2 {[%clk 01:31:06]}
{[%emt 00:00:34]} g6 {[%clk 01:29:16]} {[%emt 00:03:07]} 8. Bd2 {[%clk
01:23:06]} {[%emt 00:08:29]} Bg7 {[%clk 01:29:13]} {[%emt 00:00:33]} 9. Bc3
{[%clk 01:23:24]} {[%emt 00:00:13]} O-O {[%clk 01:28:25]} {[%emt 00:01:17]} 10.
O-O {[%clk 01:23:40]} {[%emt 00:00:15]} a5 {[%clk 01:24:01]} {[%emt 00:04:54]}
11. a3 {[%clk 01:16:52]} {[%emt 00:07:18]} Bg4 {[%clk 01:22:43]} {[%emt
00:01:47]} 12. h3 {[%clk 01:15:08]} {[%emt 00:02:14]} Bd7 {[%clk 01:22:29]}
{[%emt 00:00:44]} 13. Nd2 {[%clk 01:09:41]} {[%emt 00:05:57]} e5 {[%clk
01:17:51]} {[%emt 00:05:08]} 14. d5 {[%clk 01:08:17]} {[%emt 00:01:54]} Ne7
{[%clk 01:16:46]} {[%emt 00:01:34]} 15. f4 {[%clk 00:56:50]} {[%emt 00:11:57]}
Na4 {[%clk 01:13:45]} {[%emt 00:03:31]} 16. fxe5 {[%clk 00:54:27]} {[%emt
00:02:53]} Nxc3 {[%clk 01:13:54]} {[%emt 00:00:21]} 17. Nxc3 {[%clk 00:53:39]}
{[%emt 00:01:19]} Bxe5 {[%clk 01:13:31]} {[%emt 00:00:53]} 18. Kh1 {[%clk
00:47:56]} {[%emt 00:06:12]} Nf5 {[%clk 01:11:35]} {[%emt 00:02:26]} 19. Bxf5
{[%clk 00:43:23]} {[%emt 00:05:03]} Bxf5 {[%clk 01:11:52]} {[%emt 00:00:13]} 20.
Nf3 {[%clk 00:41:20]} {[%emt 00:02:33]} Bg7 {[%clk 01:07:21]} {[%emt 00:05:01]}
21. Nd4 {[%clk 00:39:52]} {[%emt 00:01:58]} Bd7 {[%clk 01:05:51]} {[%emt
00:02:00]} 22. Qd2 {[%clk 00:38:02]} {[%emt 00:02:21]} Qb6 {[%clk 00:59:29]}
{[%emt 00:06:52]} 23. Ncb5 {[%clk 00:32:57]} {[%emt 00:05:35]} Rae8 {[%clk
00:56:25]} {[%emt 00:03:34]} 24. Rae1 {[%clk 00:31:34]} {[%emt 00:01:52]} Rxe1
{[%clk 00:48:09]} {[%emt 00:08:47]} 25. Rxe1 {[%clk 00:31:35]} {[%emt
00:00:29]} Re8 {[%clk 00:46:59]} {[%emt 00:01:40]} 26. Rxe8+ {[%clk 00:28:32]}
{[%emt 00:03:32]} Bxe8 {[%clk 00:47:27]} {[%emt 00:00:01]} 27. a4 {[%clk
00:26:13]} {[%emt 00:02:49]} Kf8 {[%clk 00:38:42]} {[%emt 00:09:15]} 28. Qe3
{[%clk 00:17:53]} {[%emt 00:08:50]} Qd8 {[%clk 00:37:34]} {[%emt 00:01:37]} 29.
Qf4 {[%clk 00:16:29]} {[%emt 00:01:53]} Be5 {[%clk 00:37:14]} {[%emt 00:00:51]}
30. Ne6+ {[%clk 00:13:51]} {[%emt 00:03:09]} Kg8 {[%clk 00:34:09]} {[%emt
00:03:34]} 31. Qxe5 {[%clk 00:09:41]} {[%emt 00:04:40]} fxe6 {[%clk 00:34:06]}
{[%emt 00:00:33]} 32. Qxe6+ {[%clk 00:09:29]} {[%emt 00:00:42]} Bf7 {[%clk
00:34:00]} {[%emt 00:00:36]} 33. Qxd6 {[%clk 00:09:34]} {[%emt 00:00:25]} Qh4
{[%clk 00:33:03]} {[%emt 00:01:27]} 34. Qb8+ {[%clk 00:09:11]} {[%emt
00:00:53]} Kg7 {[%clk 00:33:24]} {[%emt 00:00:09]} 35. Qe5+ {[%clk 00:09:32]}
{[%emt 00:00:08]} Kf8 {[%clk 00:30:03]} {[%emt 00:03:52]} 36. Nd6 {[%clk
00:08:47]} {[%emt 00:01:14]} Qf2 {[%clk 00:29:46]} {[%emt 00:00:48]} 37. Kh2
{[%clk 00:07:29]} {[%emt 00:01:49]} Qf1 {[%clk 00:28:15]} {[%emt 00:02:00]} 38.
Qe3 {[%clk 00:06:30]} {[%emt 00:01:29]} Kg7 {[%clk 00:27:34]} {[%emt 00:01:12]}
39. Qf3 {[%clk 00:05:46]} {[%emt 00:01:13]} 1-0

[Event "Hoogeveen Amateur 1"]
[Site "Hoogeveen, Netherlands"]
[Date "2018.10.22"]
[Round "3.5"]
[White "Baars, Gerard"]
[Black "Winkel, Ruud"]
[Result "1/2-1/2"]
[WhiteElo "1795"]
[BlackElo "1738"]

1. e4 {[%clk 01:30:53]} {[%emt 00:00:06]} d5 {[%clk 01:30:55]} {[%emt
00:00:05]} 2. exd5 {[%clk 01:31:10]} {[%emt 00:00:13]} Nf6 {[%clk 01:31:21]}
{[%emt 00:00:03]} 3. d4 {[%clk 01:31:17]} {[%emt 00:00:24]} Bg4 {[%clk
01:31:32]} {[%emt 00:00:19]} 4. Be2 {[%clk 01:31:15]} {[%emt 00:00:33]} Bxe2
{[%clk 01:31:29]} {[%emt 00:00:32]} 5. Nxe2 {[%clk 01:31:29]} {[%emt 00:00:15]}
Qxd5 {[%clk 01:30:16]} {[%emt 00:01:44]} 6. O-O {[%clk 01:31:48]} {[%emt
00:00:12]} Nc6 {[%clk 01:28:52]} {[%emt 00:01:54]} 7. Nbc3 {[%clk 01:32:06]}
{[%emt 00:00:12]} Qf5 {[%clk 01:24:41]} {[%emt 00:04:41]} 8. Ng3 {[%clk
01:28:54]} {[%emt 00:03:42]} Qg6 {[%clk 01:22:00]} {[%emt 00:03:11]} 9. Nb5
{[%clk 01:21:39]} {[%emt 00:07:46]} O-O-O {[%clk 01:21:53]} {[%emt 00:00:37]}
10. c3 {[%clk 01:20:31]} {[%emt 00:01:38]} a6 {[%clk 01:20:26]} {[%emt
00:01:56]} 11. Na3 {[%clk 01:20:31]} {[%emt 00:00:31]} e5 {[%clk 01:18:46]}
{[%emt 00:02:09]} 12. Nc2 {[%clk 01:19:37]} {[%emt 00:01:24]} exd4 {[%clk
01:17:24]} {[%emt 00:01:51]} 13. Nxd4 {[%clk 01:19:03]} {[%emt 00:01:06]} Nxd4
{[%clk 01:13:37]} {[%emt 00:04:16]} 14. cxd4 {[%clk 01:19:13]} {[%emt
00:00:20]} Bd6 {[%clk 01:00:08]} {[%emt 00:13:58]} 15. f4 {[%clk 01:16:27]}
{[%emt 00:03:16]} Rhe8 {[%clk 00:47:33]} {[%emt 00:13:06]} 16. f5 {[%clk
01:07:58]} {[%emt 00:08:59]} Qg4 {[%clk 00:48:00]} {[%emt 00:00:02]} 17. Qxg4
{[%clk 01:07:32]} {[%emt 00:00:57]} Nxg4 {[%clk 00:48:27]} {[%emt 00:00:02]} 18.
Bf4 {[%clk 01:04:33]} {[%emt 00:03:29]} Nf6 {[%clk 00:42:25]} {[%emt 00:06:33]}
19. Rad1 {[%clk 00:55:37]} {[%emt 00:09:25]} Nd5 {[%clk 00:38:43]} {[%emt
00:04:12]} 20. Bxd6 {[%clk 00:52:25]} {[%emt 00:03:43]} Rxd6 {[%clk 00:38:48]}
{[%emt 00:00:24]} 21. Rde1 {[%clk 00:48:24]} {[%emt 00:04:31]} Rxe1 {[%clk
00:35:40]} {[%emt 00:03:39]} 22. Rxe1 {[%clk 00:48:30]} {[%emt 00:00:25]} Nf6
{[%clk 00:36:02]} {[%emt 00:00:07]} 23. Ne4 {[%clk 00:46:25]} {[%emt 00:02:34]}
Nxe4 {[%clk 00:32:51]} {[%emt 00:03:40]} 24. Rxe4 {[%clk 00:46:31]} {[%emt
00:00:26]} Rd5 {[%clk 00:31:13]} {[%emt 00:02:08]} 25. g4 {[%clk 00:46:37]}
{[%emt 00:00:25]} Kd7 {[%clk 00:29:51]} {[%emt 00:01:51]} 26. Kf2 {[%clk
00:46:26]} {[%emt 00:00:41]} Ra5 {[%clk 00:25:16]} {[%emt 00:05:03]} 27. a3
{[%clk 00:46:47]} {[%emt 00:00:10]} Rb5 {[%clk 00:25:20]} {[%emt 00:00:26]} 28.
b4 {[%clk 00:45:03]} {[%emt 00:02:15]} a5 {[%clk 00:25:23]} {[%emt 00:00:27]}
29. Re5 {[%clk 00:44:45]} {[%emt 00:00:48]} Rxe5 {[%clk 00:19:29]} {[%emt
00:06:24]} 30. dxe5 {[%clk 00:45:00]} {[%emt 00:00:15]} Kc6 {[%clk 00:10:22]}
{[%emt 00:09:37]} 31. Ke3 {[%clk 00:43:30]} {[%emt 00:02:01]} Kd5 {[%clk
00:10:44]} {[%emt 00:00:06]} 32. Kf4 {[%clk 00:43:54]} {[%emt 00:00:07]} axb4
{[%clk 00:07:10]} {[%emt 00:04:04]} 33. axb4 {[%clk 00:44:16]} {[%emt
00:00:08]} c6 {[%clk 00:07:29]} {[%emt 00:00:10]} 34. h4 {[%clk 00:44:29]}
{[%emt 00:00:17]} b6 {[%clk 00:07:35]} {[%emt 00:00:23]} 35. g5 {[%clk
00:40:18]} {[%emt 00:04:42]} c5 {[%clk 00:07:47]} {[%emt 00:00:19]} 36. e6
{[%clk 00:37:32]} {[%emt 00:03:15]} fxe6 {[%clk 00:06:42]} {[%emt 00:01:35]} 37.
f6 {[%clk 00:36:40]} {[%emt 00:01:23]} e5+ {[%clk 00:05:11]} {[%emt 00:01:59]}
38. Kf5 {[%clk 00:35:50]} {[%emt 00:01:21]} g6 {[%clk 00:05:39]} {[%emt
00:00:03]} 39. Kg4 {[%clk 00:36:04]} {[%emt 00:00:15]} Ke6 {[%clk 00:05:52]}
{[%emt 00:00:17]} 40. bxc5 {[%clk 00:36:13]} {[%emt 00:00:21]} bxc5 {[%clk
00:06:20]} {[%emt 00:00:02]} 41. Kf3 {[%clk 00:36:29]} {[%emt 00:00:15]} c4
{[%clk 00:00:58]} {[%emt 00:05:51]} 42. Ke4 {[%clk 00:33:30]} {[%emt 00:03:28]}
Kf7 {[%clk 00:23:20]} {[%emt 00:08:09]} 43. Ke3 {[%clk 01:03:38]} {[%emt
00:00:22]} Ke6 {[%clk 00:22:56]} {[%emt 00:00:53]} 44. Ke4 {[%clk 01:03:39]}
{[%emt 00:00:29]} Kf7 {[%clk 00:23:12]} {[%emt 00:00:14]} 1/2-1/2

[Event "Hoogeveen Amateur 1"]
[Site "Hoogeveen, Netherlands"]
[Date "2018.10.22"]
[Round "3.6"]
[White "Snuverink, Marc"]
[Black "Van Der Graaf, Jaap"]
[Result "1/2-1/2"]
[WhiteElo "1887"]
[BlackElo "1705"]

1. e4 {[%clk 01:30:27]} {[%emt 00:00:33]} Nf6 {[%clk 01:30:47]} {[%emt
00:00:15]} 2. e5 {[%clk 01:30:13]} {[%emt 00:00:43]} Nd5 {[%clk 01:31:12]}
{[%emt 00:00:04]} 3. c4 {[%clk 01:30:20]} {[%emt 00:00:24]} Nb6 {[%clk
01:31:37]} {[%emt 00:00:05]} 4. a4 {[%clk 01:30:41]} {[%emt 00:00:09]} a5
{[%clk 01:31:07]} {[%emt 00:01:00]} 5. d4 {[%clk 01:28:43]} {[%emt 00:02:27]}
d6 {[%clk 01:31:25]} {[%emt 00:00:12]} 6. f4 {[%clk 01:23:35]} {[%emt
00:05:38]} dxe5 {[%clk 01:31:47]} {[%emt 00:00:09]} 7. fxe5 {[%clk 01:23:48]}
{[%emt 00:00:17]} Nc6 {[%clk 01:31:48]} {[%emt 00:00:29]} 8. Be3 {[%clk
01:22:26]} {[%emt 00:01:51]} Bf5 {[%clk 01:31:01]} {[%emt 00:01:17]} 9. Nc3
{[%clk 01:21:14]} {[%emt 00:01:42]} e6 {[%clk 01:31:05]} {[%emt 00:00:26]} 10.
Nf3 {[%clk 01:20:27]} {[%emt 00:01:17]} Be7 {[%clk 01:27:38]} {[%emt 00:03:56]}
11. Be2 {[%clk 01:04:22]} {[%emt 00:16:35]} h6 {[%clk 01:24:23]} {[%emt
00:03:45]} 12. O-O {[%clk 01:03:10]} {[%emt 00:01:42]} O-O {[%clk 01:23:54]}
{[%emt 00:00:58]} 13. Rc1 {[%clk 00:56:10]} {[%emt 00:07:29]} Nb4 {[%clk
01:18:01]} {[%emt 00:06:24]} 14. Kh1 {[%clk 00:50:34]} {[%emt 00:06:07]} Rc8
{[%clk 01:14:27]} {[%emt 00:04:04]} 15. c5 {[%clk 00:42:19]} {[%emt 00:08:45]}
N6d5 {[%clk 01:12:01]} {[%emt 00:02:55]} 16. Nxd5 {[%clk 00:40:57]} {[%emt
00:01:52]} Nxd5 {[%clk 01:09:14]} {[%emt 00:03:17]} 17. Bd2 {[%clk 00:39:22]}
{[%emt 00:02:05]} b6 {[%clk 01:01:49]} {[%emt 00:07:55]} 18. Qe1 {[%clk
00:32:38]} {[%emt 00:07:14]} Rb8 {[%clk 00:51:22]} {[%emt 00:10:57]} 19. cxb6
{[%clk 00:29:04]} {[%emt 00:04:04]} cxb6 {[%clk 00:47:43]} {[%emt 00:04:09]} 20.
Qg3 {[%clk 00:21:21]} {[%emt 00:08:13]} Kh8 {[%clk 00:43:12]} {[%emt 00:05:01]}
21. Ne1 {[%clk 00:17:54]} {[%emt 00:03:57]} Bh4 {[%clk 00:39:07]} {[%emt
00:04:34]} 1/2-1/2